Statistics for APUSH Period 4, 1800-1848

Click here to take the quiz!

General Stats

  • This quiz has been taken 529 times
  • The average score is 15 of 25

Answer Stats

HintAnswer% Correct
Author of the Declaration of Independence, 3rd U.S. PresidentThomas Jefferson
98%
The U.S. purchased this territory from France at the price of 15 cents an acre, doubling the size of the U.S.Louisiana
96%
What invention by Eli Whitney allowed cotton to be processed faster?Cotton Gin
95%
These two men were commissioned to explore the Louisiana TerritoryMeriwether Lewis
85%
What country was a major source of immigrants to the U.S. in the 1840s, partly due to its potato famine?Ireland
84%
Author of the Bill of Rights, 4th U.S. PresidentJames Madison
82%
What was the name for the forced migration of thousands of Native Americans westward to Oklahoma?Trail of Tears
81%
Called the "Moses of her People," she freed hundreds of slaves on the Underground RailroadHarriet Tubman
79%
What war is sometimes called the "Second War for American Independence?"War of 1812
77%
William Clark
69%
The siege of this location became a rallying cry in the Texas Revolution: "Remember the _____!"Alamo
66%
General in the War of 1812, 7th President of the U.S.Andrew Jackson
63%
Americans established a colony for freed slaves on the west coast of Africa that later became the nation of _______.Liberia
59%
Self-taught to read and right, he was a former slave who became a leading voice in the abolition movementFrederick Douglass
58%
Waterway that connected Lake Erie to the Hudson RiverErie Canal
55%
Supreme Court decision that established the principle of judicial reviewMarbury v. Madison
52%
Founder of MormonismJoseph Smith
40%
He led the largest slave revolt on U.S. soilNat Turner
35%
Elizabeth Cady Stanton
33%
Women's suffragists and leading coordinators of the Seneca Falls ConventionSusan B. Anthony
33%
What is the capital, named for a U.S. president, of that country?Monrovia
31%
He led the Mormons westward to settle in Salt Lake City, UtahBrigham Young
29%
Author of "Moby Dick"Herman Mellville
18%
50th Anniversary of the Declaration of Independence and the date that both John Adams and Thomas JeffersonJuly 4, 1826
18%
Author of "The Scarlet Letter"Nathaniel Hawthorne
18%

Score Distribution

Percentile by Number Answered

Percent of People with Each Score

Your Score History

You have not taken this quiz